| 000 | 00645nam a2200133Ia 4500 | ||
|---|---|---|---|
| 008 | 150609s9999 xx 000 0 und d | ||
| 050 |
_aRC 660 _b.A988 2015 |
||
| 100 | _aAustria, Ralph Laurence. | ||
| 245 |
_aEffect of slow breathing on glucose level and blood pressure among clients with type 2 diabetes mellitus / _cRalph Lawrence Austria, Christian Anthony Daliva, Angelica Marie Dela Cruz, Clarence Arrjay Delos Santos, and Reminiscence Moreno. |
||
| 260 |
_aLas PiƱas, Philippines : _bSISC, _c2015. |
||
| 300 |
_a49 pages : _billustrations ; _c28 cm. |
||
| 500 | _aIncludes bibliographical references and appendices. | ||
| 650 | _aDiabetes | ||
| 999 |
_c285006 _d285006 |
||